Popular Halloween Candy - Statistics

General Stats
  • This quiz has been taken 159 times
  • The average score is 9 of 15
Answer Stats
Clue Candy % Correct
Peanut butter and chocolate pumpkins- the fall seasonal kind Reese's
88%
These come in gummy clusters, ropes, or normal in little cardboard boxes Nerds
85%
Candy brand that makes Kisses Hershey
83%
Fruity candies that supposedly all have the same flavor, but smell different to trick the mind Skittles
79%
Red licorice that's more popular than Red Vines Twizzler
75%
Caramel + peanuts + chocolate + nougat Snickers
73%
How many licks does it take to get to the center? Tootsie Pop
72%
Chocolate covered wafers Kit Kat
66%
Sour and then sweet Sour Patch Kids
63%
Creepy and crawly.... or colorful and sour? Gummy Worms
54%
These are not a vegetable Candy Corn
31%
They're shaped like a square... which is not what the name depicts Starburst
28%
Funny, colorful, sticky candy Laffy Taffy
26%
What's in the middle? Tootsie Roll
20%
Happy cowboys Jolly Ranchers
8%
No matching quizzes found
Score Distribution
Percent of People with Each Score
Percentile by Number Answered
Your Score History
You have not taken this quiz